000 00502cam a2200205ua 4500
001 4142
005 20260515113807.0
008 111219n ii |||gr||||Z||||||asm
040 _cMAIN
082 _a891.4513
100 1 _aChaliha, Saurabh Kumar,
245 1 1 _aGolpo nohoi
_cby Saurabh Kumar Chaliha
250 _a2nd.
260 _aGuwahati:
_bLBS publication,988.
300 _a141p:
_c23cm.
653 _aAssamese short stories
653 _aGolpo nohoi
653 _aGolpo nohoi
942 _cBK
999 _c3961
_d3961